000 01262cam a22002054a 4500
999 _c58063
_d58063
001 13175607
005 20210604115527.0
008 030425s2003 nyua b 001 0 eng
020 _a9780891288695
041 _aeng
080 _a364.694+371 C-69
245 0 0 _aCollaborative assessment :
_bworking with students who are blind or visually impaired, including those with additional disabilities /
_cedited by Stephen A. Goodman and Stuart H. Wittenstein.
264 _aNew York, N.Y. :
_bAFB Press,
_c2003.
300 _a430 p. :
_bill. ;
_c25 cm.
653 _aработа со слепыми или слабовидящими учениками, в том числе с дополнительными ограниченными возможностями
653 _aუსინათლო ან მხედველობის დაქვეითებული სტუდენტებთან მუშაობა, მათ შორის დამატებითი შეზღუდული შესაძლებლობის მქონე პირები
700 1 _aGoodman, Stephen A.
_eრედაქტორი
_911955
700 1 _aWittenstein, Stuart H.
_eრედაქტორი
_911956
942 _2udc
_cBK